000 01433cam a2200373 i 4500
001 19722
003 Mx-PuUPA
005 20250924112940.0
008 140415s2011 sp gr 000 0 spa d
017 _aM. 14.652-2011
020 _a9788493780852
040 _aMx-PuUPA
_bspa
_cMx-PuUPA
_dMx-PuUPA
_erda
041 1 _aspa
_heng
100 1 _aGilligan, Stephen G.,
_d1954-
_eautor
_917375
240 1 4 _aThe hero´s journey : a voyage of self-discovery.
_lEspañol
245 1 3 _aEl viaje del héroe :
_bun camino de autodescubrimiento /
_cStephen Gilligan y Robert Dilts ; traducción, Miguel Iribarren
250 _aPrimera edición /
_babril
264 1 _aBarcelona :
_bRigden-Institut Gestalt,
_c2011
300 _a312 páginas ;
_c24 cm
336 _2rdacontent
_atexto
_btxt
337 _2rdamedia
_asin medio
_bn
338 _2rdacarrier
_avolumen
_bnc
490 0 _aColección Two win
500 _a"Reimpresiones: (Cuarta, enero de 2023).
650 7 _2armarc
_aAutorrealización
650 7 _2armarc
_aAutorrealización (Psicología)
650 7 _2armarc
_aProgramación neurolingüistica
700 _aDilts, Robert,
_eautor
_914630
765 0 _aGilligan, Stepen
_tThe hero´s journey : a voyage of sleft-discovery.
942 _2ddc
_cLI
_h158.1
_iG4618
999 _c19722
_d19722